000 00488nam a2200169 a 4500
005 20140412111234.0
008 010604s19uu xx 00 eng d
020 _a1-56326-161-8
050 _aER
_bCa279 1992
245 _aCastles in the sand.
260 _aMiddletown, Connecticut :
_bThe Walt Disney Company,
_c1992.
300 _a1v. (unp.) ; ill.
440 _aThe Little Mermaid's Treasure Chest
650 _aMermaids-Stories
650 _aChildren's stories
999 _c102307
_d102307